| 000 | 01361nam0a22003491 4500 | ||
|---|---|---|---|
| 001 | RU\NLR\INFOCOMM_165\5000016444 | ||
| 005 | 20250613101514.0 | ||
| 035 | _a(NLR Aleph) 009381532 | ||
| 090 |
_a7985749 _c7985749 |
||
| 100 | _a20101227d1991 |||y0rusy50 ca | ||
| 101 | 0 |
_aeng _drus _geng _feng _frus |
|
| 102 | _aRU | ||
| 105 | _ay ||||000|y | ||
| 200 | 1 |
_aStability of biological species and sexual dimorphism _fV. G. Gorshkov, S. G. Sherman |
|
| 210 |
_aL. _cЛИЯФ _d1991 |
||
| 215 |
_a28 с. _d20 см |
||
| 225 | 1 |
_aPreprint _fAcad. of sciences of the USSR, Leningrad nuclear physics inst. _v1610 |
|
| 300 | _aНа 2-й с.: Стабильность биологических видов и половой диморфизм / В. Г. Горшков, С. Г. Шерман | ||
| 300 | _aНа обл. надзаг. на рус. яз. | ||
| 300 | _aРез. на рус. яз. | ||
| 320 | _aБиблиогр.: с. 26-27 | ||
| 606 |
_aПоловой диморфизм _2nlr_sh1 |
||
| 686 |
_aЕ641.8 _2rubbk |
||
| 700 | 1 |
_9z02790 _aGorškov _bV. G. _f1935- _gViktor Georgievič _4070 |
|
| 701 | 1 |
_9z03790 _aŠerman _bS. G. _gSemen Grigor'evič _4070 |
|
| 790 | 1 |
_9z02700 _aGorshkov _bV. G. _4070 |
|
| 790 | 1 |
_9z03701 _aSherman _bS. G. _4070 |
|
| 801 | 1 |
_aRU _bNLR _c20101227 |
|
| 801 | 0 |
_aRU _bNLR _gPSBO |
|
| 852 |
_aNLR _jБл01 Д-4/136 |
||
| 942 | _cBOOK | ||
| 980 | _aNB | ||